1381 1854 1363 1211 1920 1758 1205 1803 1847 1504 1962 1399 1650 1581 1617 1277 1216 1535 1825 1697 1834 1539 1939 1887 1469 1034 1764 1095 1000 1903 1038 1616 1309 1835 1898 1878 1985 1769 1758 1709 1044 1657 1177 1223 1429 1796 1304 1723 1562 1746 1087 1189 1039 1996 1613 1024 1449 1467 1434 1804 1815 1331 1010 1731 1611 1030 1100 1771 1177 1938 1472 1448 1645 1547 1604 1943 1950 1537 1327 1532 1745 1637 1783 1986 1175 1751 1886 1568 1113 1609 1465 1136 1825 1375 1942 1090 1469 1531 1134 BCNSPRNW ULIB Ver.6.0+V

เปลี่ยนเป็นภาษาไทย

Change to English
 แสดงรายละเอียดบรรณานุกรม
  กลับหน้าหลัก

Brief Record : Get Marc (ISO 2709) : E-mail record : QR code < ปิดหน้าต่าง
LEADER : 00000nam 2200000uu 4500
001    13399108495
003     ULIB
008    110306s2553||||th 000 0 tha d
020    9786167287195
060 04 WC534^bค695 2553
245 00 คู่มือทักษะการสื่อสารเพื่อดูแลผู้ป่วยไข้เลือดออก /^cศูนย์ฝึกอบรมทักษะการสื่อสาร ฝ่ายกุมารเวชศาสตร์ โรงพยาบาลจุฬาลงกรณ์ ; บรรณาธิการ, ชิษณุ พันธุ์เจริญ, ธันยวีร์ ภูธนกิจ, จรุงจิตร์ งามไพบูลย์
246 14 ทักษะการสื่อสารเพื่อดูแลผู้ป่วยป่วยไข้เลือดออก :^bฉบับพกพา
246 30 ทักษะการสื่อสารเพื่อดูแลผู้ป่วยไข้เลือดออก
260    กรุงเทพฯ :^bธนาเพรส,^c2553
300    103 หน้า ;^c19 ซม.
650  7 การสื่อสารทางการแพทย์^vคู่มือ
650  7  ไข้เลือดออก^xคู่มือ
650  7 ไข้เลือดออก^xการดูแล
700 0  ชิษณุ พันธุ์เจริญ,^eบรรณาธิการ
700 0  ธันยวีร์ ภูธนกิจ,^eบรรณาธิการ
700 0  จรุงจิตร์ งามไพบูลย์,^eบรรณาธิการ
710 2  โรงพยาบาลจุฬาลงกรณ์. ^bฝ่ายกุมารเวชศาสตร์.^bศูนย์ฝึกอบรมทักษะการสื่อสาร
945    ^p90^l0^i18015
945    ^p90^l0^i18017
945    ^p90^l0^i18016
995    เกษร
999 ^a ใช้งานได้ทุกระบบ
รายการนี้ยังไม่มีแท็ก
คุณยังไม่ได้ล็อกอิน คุณสามารถมีกิจกรรมร่วมกับเว็บไซต์ได้ แต่ต้องล็อกอินก่อน ::
  ล็อกอิน

รายการสื่อสารสนเทศ

ลำดับที่ ประเภท เลขเรียก/บาร์โค้ด สถานที่ สถานะ
1. วิทยาศาสตร์การแพทย์ และสุขภาพ
วิทยาศาสตร์การแพทย์ และสุขภาพ
สถานะ=หนังสือเก่า
WC534 ค695 2553  
  Barcode: 18015
ห้องสมุดวิทยาเขตนครสวรรค์
►ส่วนจัดเก็บหนังสือเก่า นว.
บนชั้น
  ขอยืม
2. วิทยาศาสตร์การแพทย์ และสุขภาพ
วิทยาศาสตร์การแพทย์ และสุขภาพ
สถานะ=หนังสือเก่า
WC534 ค695 2553 ฉ.2 
  Barcode: 18017
ห้องสมุดวิทยาเขตนครสวรรค์
►ส่วนจัดเก็บหนังสือเก่า นว.
บนชั้น
  ขอยืม
3. วิทยาศาสตร์การแพทย์ และสุขภาพ
วิทยาศาสตร์การแพทย์ และสุขภาพ
สถานะ=หนังสือเก่า
WC534 ค695 2553 ฉ.3 
  Barcode: 18016
ห้องสมุดวิทยาเขตนครสวรรค์
►ส่วนจัดเก็บหนังสือเก่า นว.
บนชั้น
  ขอยืม

BibComment


ยังไม่เคยถูกคอมเมนท์

คอมเมนท์ทรัพยากรรายการนี้
  คอมเมนท์: คู่มือทักษะการสื่..


 Copyright 2026. Bcnsprnw @Library